| 000 | 01406cam a22003737a 4500 | ||
|---|---|---|---|
| 003 | CHAP | ||
| 005 | 20220329133052.0 | ||
| 008 | 971013s1991 r 00010 d | ||
| 010 | _a1810 | ||
| 011 | _a2782 | ||
| 035 | _a1982 | ||
| 040 | _cCHAP | ||
| 090 | _aTesis | ||
| 100 | 0 | 0 |
_aAndrade Limas, Elizabeth del Carmen. _95656 |
| 245 | 1 | 3 | _aLa tecnología agrícola tradicional... apoyo o atraso para el desarrollo rural? (caso del Ejido el Rincón, municipio de Jamapa, Veracruz) |
| 260 |
_aMontecillo, Méx. : _bEl autor, _c1991 |
||
| 300 |
_a297 h. _b: ilus. ; gráfs. |
||
| 502 | _aTesis (M.C. Esp. en Desarrollo Rural) -- C.P. Centro de Desarrollo Rural | ||
| 590 |
_aALEPH _b10 _c20130110 _lUCH01 _h1209 |
||
| 590 |
_aBATCH-UPD _b10 _c20130110 _lUCH01 _h1039 |
||
| 590 |
_aBATCH-UPD _b10 _c20130410 _lUCH01 _h0639 |
||
| 590 |
_aBATCH-UPD _b10 _c20130914 _lUCH01 _h0013 |
||
| 590 |
_aBATCH-UPD _b10 _c20130914 _lUCH01 _h2102 |
||
| 590 |
_aCONVERSION _b10 _c20130109 _lUCH01 _h1302 |
||
| 650 | 0 | 4 |
_aAgricultura tradicional. _92029 |
| 650 | 1 | 4 |
_aAgricultura de subsistencia. _91998 |
| 650 | 1 | 4 |
_aAgricultura _xAspectos económicos _xVeracruz. _91304 |
| 650 | 1 | 4 |
_aAgricultura _xInnovaciones tecnológicas. _91565 |
| 650 | 1 | 4 |
_aVeracruz _xCondiciones rurales. _9118808 |
| 901 | _aBK | ||
| 942 | _cFOLL | ||
| 949 |
_bBC _cTES _d-11476 _eTS1 _h23797 _i1982 _si |
||
| 949 |
_bBC _cTES _d-70146 _eTS2 _fc.2 _h23798 _i1982 _si |
||
| 999 |
_c1810 _d1810 |
||